Empleo y desempleo

Sin resumen

Gardado en:
Detalles Bibliográficos
Autor Corporativo: Banco Central de Nicaragua
Formato: Texto
Publicado: Managua: Banco Central de Nicaragua
Materias:
Etiquetas: Engadir etiqueta
Sen Etiquetas, Sexa o primeiro en etiquetar este rexistro!

MARC

LEADER 00000 a a2200000 04500
001 19699
003
040
090 |a 078900  
110 |a Banco Central de Nicaragua  
245 |a Empleo y desempleo  
260 |a Managua:   |b Banco Central de Nicaragua  
300 |a 13 p.  
520 |a Sin resumen  
650 |a BIBLIOGRAFIAS  
650 |a DESEMPLEO  
650 |a EMPLEO  
999 |c 15487  |d 15487